000 01040nam a22003131a 4500
003 EG-ScBUE
005 20220609135538.0
008 150405r20142012enka f bd 000 0 eng d
020 _a9781908614391
040 _aEG-ScBUE
_beng
_erda
_cEG-ScBUE
_dEG-ScBUE
082 0 4 _a428.24
_bPAL
_222
100 1 _aPallant, Anne,
_eauthor.
_937587
245 1 0 _aWriting :
_bcourse book /
_cAnne Pallant.
250 _aNew edition,
_bReprinted edition.
264 1 _aReading, UK :
_bGarnet Publishing Ltd.,
_c2014.
300 _a93 pages :
_billustrations ;
_c28 cm.
336 _2rdacontent
_atext
_btxt
337 _2rdamedia
_aunmediated
_bn
338 _2rdacarrier
_avolume
_bnc
490 0 _aEnglish for academic study
500 _aReprint of the 2012 ed.
500 _aIncludes glossary.
504 _aIncludes bibliographical references.
650 7 _aEnglish language
_xRhetoric
_xStudy and teaching.
_94388
_2BUEsh
651 _2BUEsh
653 _cApril2015
_bHHUUEENN
655 _vReading book
_934232
942 _2ddc
_k428.24 PAL
_cBB
999 _c19163
_d19135